Które państwo jest większe? cz.2 - Statystyki

Ogólne statystyki
  • Ten quiz został rozwiązany 145 razy
  • Średni wynik to 7 z 15
Statystyki odpowiedzi
Zagadnienie Odpowiedź % Poprawnych
Które państwo jest większe? Cypr
85%
Które państwo jest większe? Katar
77%
Które państwo jest większe? Ukraina
75%
Które państwo jest większe? Kanada
74%
Które państwo jest większe? Nigeria
58%
Które państwo jest większe? Islandia
56%
Które państwo jest większe? Czad
54%
Które państwo jest większe? Mołdawia
43%
Które państwo jest większe? Panama
32%
Które państwo jest większe? Zimbabwe
32%
Które państwo jest większe? Gabon
27%
Które państwo jest większe? Hong Kong
27%
Które państwo jest większe? Wyspy Salomona
24%
Które państwo jest większe? Demokratyczna Republika Konga
22%
Które państwo jest większe? Fidżi
20%
Nie znaleziono quizów pasujących do podanych kryteriów
Rozkład punktacji
Procent ludzi z każdym wynikiem
Percentyl według liczby udzielonych odpowiedzi
Twoja historia wyników
Nie rozwiązałeś tego quizu